000 00342cam a22001217a 4500
008 180718b1971 xxu||||| |||| 00| 0 eng d
082 _aT42x54 g346c
100 _aGhosh, Alak
245 _aControl techniques in Indian monetary management
_cby Alak Ghosh
260 _aCalcutta
_bWorld Press
_c1971
300 _a119p.
650 _aBanks - India
999 _c345313
_d345313